00714nam a2200217Ia 4500003000900000008004100009040001300050040001300063041000800076100002100084245010800105250001200213260002100225260000900246300001000255490002300265490000600288942000700294999001300301952018200314IT-RoPAU120407s9999 xx 000 0 und d aIT-RoPAU cIT-RoPAU aita aAnnarosa Dordoni aUn maestro di spirito nel Piemonte tra Sei e Settecento. Il padre S. Valfrè dell’Oratorio di Torino aMilano  aVita e Pensiero  c1992 c22 cm aScienze religiose  v9 cBK c424d424 00102ddc406922_20200000000000071aPAULUSbPAULUSd2012-04-11l0o922.202r2012-04-11 00:00:00w2012-04-11yBKzInserito da: In data: n.d. fondo: Via A.Severo 56 Progr:35952